[Event "HCL-B3776"]
[Site "www.playchess.de"]
[Date "2006.02.26"]
[Round "1"]
[White "Wurstowski"]
[Black "THE_KID"]
[WhiteElo "721"]
[BlackElo "879"]
[PlyCount "57"]
[Result "1-0"]

1.c4 e5 2.Nc3 Qf6 3.Nf3 Bc5 4.Ne4 Qe7 5.d3 b6 6.a3 
h6 7.b4 Bd6 8.Bb2 c5 9.b5 Nf6 10.Nxd6+ Qxd6 {you 
think youre good dont you. Well I got news for you 
.     
      Im better!!!!!!!!!!!!!1}  11.Bxe5 {this 
words were hard, now i'm only apeace of shit ;)}  
Qe6 12.g3 Bb7 {what you gonna do now ? what 
country are you in?}  13.e4 {e2-e4, what does it 
matters?}  O-O 14.Be2 d6 {just curious of whos ass 
im kicking!!!!!!!!!!!!}  15.Bxf6 Qxf6 16.O-O Nd7 
{you lose}  17.Nh4 {no try there is, do it or 
not...}  Ne5 18.Nf5 {so quiet. what happend, losed 
your voice?}  Bc8 {you're going to 
lose..........you know it and so do i.........so 
you minus well draw now and save us both the 
trouble}  19.f4 {you're so good, is kramnik by 
your side or are you using fritz or something like 
that?}  Ng6 20.Ne3 Bh3 {i been doin this since i 
was 8 ,,,,im 21 now,,,no help needed you just 
suck}  21.Rf2 {sounds like you were 12}  Rfe8 {awe 
yea ,,,,,,,,,dont play like a twelve year 
old
}  22.Nd5 {that's right, you play like you were 8} 
 Qd8 23.Bg4 Bxg4 24.Qxg4 Re6 {here i come}  25.f5 
{that's great}  Ne5 {you're playin a pro 

its gonna take a whoooooooole lot more than that 
to even make me think}  26.Qh5 {you can think??? 
that's realy surprising}  Re8 27.Rd1 a6 {here i 
come
}  28.f6 gxf6 29.Nxf6+ {:)}  1-0

[Event "ACL-E216"]
[Site "www.playchess.de"]
[Date "2006.02.26"]
[Round "5"]
[White "Southbourne_Chess"]
[Black "chessnuts"]
[WhiteElo "1913"]
[BlackElo "1916"]
[PlyCount "40"]
[Result "0-1"]

1.e4 {Hi, good luck.}  c5 {Nice to play with you 
again, let's see if we can break the tie.}  2.Nc3 
Nc6 3.f4 g6 4.Nf3 Bg7 5.g3 b5 6.Bxb5 Nd4 {My last 
move was very poor!!}  7.Bf1 {Was it a mistake?}  
Rb8 {It was, and against a strong player like you 
can be fatal!}  8.Bg2 d6 9.b3 Nf6 10.Bb2 Bb7 
11.Ng5 Qd7 12.d3 Ng4 13.Bh3 f5 14.Nd5 h6 15.c3 
{What a mess!}  Bxd5 {A beautiful one!!}  16.Bxg4 
Nxb3 {Do you think some pieces will be left on the 
board?}  17.Bxf5 {I think this must be a new 
record of minor pieces en prise. May I suggest Be5 
is a good move here!!}  gxf5 {let's clean the 
field!!}  18.exd5 hxg5 19.axb3 gxf4 20.gxf4 
Qb7 0-1

[Event "HCL-T266"]
[Site "www.playchess.de"]
[Date "2006.02.26"]
[Round "6"]
[White "pruliere"]
[Black "ksterleu"]
[WhiteElo "1830"]
[BlackElo "1553"]
[PlyCount "24"]
[Result "0-1"]

1.e4 e6 2.d4 d5 3.Nc3 Bb4 4.e5 c5 5.a3 Bxc3+ 
6.bxc3 Ne7 7.Qg4 Qc7 8.Qxg7 Rg8 9.Qxh7 cxd4 10.Ne2 
Nbc6 11.f4 Bd7 12.cxd4 Nxd4 0-1

[Event "HCL-B3907"]
[Site "www.playchess.de"]
[Date "2006.02.26"]
[Round "17"]
[White "tusnelda"]
[Black "dg"]
[WhiteElo "1285"]
[BlackElo "1243"]
[PlyCount "44"]
[Result "1/2-1/2"]

1.e4 e5 2.Nf3 d6 3.Nc3 Bg4 4.h3 Bxf3 5.Qxf3 Qf6 
6.Bc4 Qxf3 7.gxf3 f6 8.Nd5 Kd7 9.d3 Nc6 10.c3 Nge7 
11.Be3 Nxd5 12.exd5 Ne7 13.O-O-O a6 14.a3 Rd8 
15.f4 Kc8 16.Bb3 Kb8 17.fxe5 fxe5 18.f4 exf4 
19.Bxf4 Ng6 20.Bg3 Be7 21.Kb1 Bf6 22.Rhf1 Ne5 
{(offering draw)}  1/2-1/2

[Event "HCL-B3870"]
[Site "www.playchess.de"]
[Date "2006.02.26"]
[Round "8"]
[White "Mosselman"]
[Black "epenz"]
[WhiteElo "1345"]
[BlackElo "972"]
[PlyCount "61"]
[Result "1-0"]

1.e4 {hi, enjoy thee game!}  e5 2.Nf3 Nc6 3.Bb5 d6 
4.O-O Bd7 5.c3 a6 6.Ba4 Nf6 7.Re1 Be7 8.d4 exd4 
9.cxd4 O-O 10.Nc3 b5 11.Bb3 b4 12.Nd5 Be6 13.Nxe7+ 
Qxe7 14.d5 Ne5 15.dxe6 fxe6 16.Nxe5 dxe5 17.Bg5 h6 
18.Bh4 c5 19.f3 a5 20.Qc2 Qd6 21.Rad1 Qc6 22.Rd3 
Rfd8 23.Red1 a4 24.R3xd8+ Rxd8 25.Rxd8+ Kh7 26.Bc4 
g5 27.Bg3 h5 28.Bxe5 Kg6 29.Rd6 Qe8 30.Rxe6 Qd7 
31.Rxf6+ 1-0

[Event "HCL-A2608"]
[Site "www.playchess.de"]
[Date "2006.02.26"]
[Round "1"]
[White "mrchess"]
[Black "BohdanL"]
[WhiteElo "1438"]
[BlackElo "1488"]
[PlyCount "112"]
[Result "0-1"]

1.e4 {hello good luck to you}  g6 {nice to meet 
you again, good luck to you too}  2.d4 Bg7 3.Nf3 
d6 4.c4 c5 5.dxc5 dxc5 6.Qxd8+ Kxd8 7.e5 Nc6 8.Ng5 
Nxe5 9.f4 h6 10.Ne4 Nd7 11.Nbc3 a6 12.Rb1 Ngf6 
13.Bd3 Nxe4 14.Nxe4 f5 15.Nf2 e5 16.fxe5 Nxe5 
17.O-O Re8 18.Rd1 Kc7 19.Be3 Nf3+ 20.gxf3 Rxe3 
21.Kg2 Bd7 22.Nh3 Bc6 23.Ng1 Rd8 24.Be2 Rde8 
25.Rd2 g5 26.Kf2 Bd4 27.Kf1 f4 28.Rbd1 h5 29.b4 
Bc3 30.bxc5 Bxd2 31.Rxd2 R8e5 32.Rd6 Rxc5 33.Rg6 
b5 34.cxb5 Bxb5 35.Bxb5 axb5 36.Rg7+ Kb6 37.Rh7 g4 
38.fxg4 hxg4 39.Rf7 Rc1+ 40.Kf2 Rc2+ 41.Kf1 f3 
42.Rf4 Rc4 43.Rf6+ Ka5 44.h3 Rc1+ 45.Kf2 Ree1 
46.Nxf3 gxf3 47.Rxf3 Ref1+ {Dirk, mijn zon speelt 
bij 'Corbulo' Leidschendam en ze hebben web-site 
waar iederen kan on-line spelen. Dat is vrij, 
mischien vindt u die interesant}  48.Kg3 {misscien 
wel}  Rxf3+ {hier is site: http://www.corbulo.org/xoops/index.php 
 (u moet registreren, gaa naar Website/lid 
worden)}  49.Kxf3 {ok}  Ka4 50.h4 Ka3 51.Kg4 Kxa2 
52.h5 b4 53.h6 Rh1 54.Kg5 b3 55.Kg6 b2 56.h7 
b1Q+ 0-1

[Event "ACL-A658"]
[Site "www.playchess.de"]
[Date "2006.02.26"]
[Round "2"]
[White "immmmm"]
[Black "WillemG"]
[WhiteElo "1500"]
[BlackElo "1500"]
[PlyCount "21"]
[Result "1-0"]

1.e4 e5 2.Nf3 Nc6 3.Bb5 a6 4.Ba4 Nf6 5.O-O Be7 
6.Re1 O-O 7.c3 b5 8.Bb3 d5 9.exd5 Nxd5 10.Nxe5 
Nxe5 11.Rxe5 1-0

[Event "HCL-C4047"]
[Site "www.playchess.de"]
[Date "2006.02.26"]
[Round "9"]
[White "Milosforman"]
[Black "ama49"]
[WhiteElo "861"]
[BlackElo "1190"]
[PlyCount "101"]
[Result "1-0"]

1.d4 d5 2.Nf3 Nc6 3.e3 e5 4.dxe5 Bg4 5.Be2 Nge7 
6.O-O Ng6 7.h3 Bxf3 8.Bxf3 Ncxe5 9.b3 Nxf3+ 
10.Qxf3 Ne5 11.Qf5 Bd6 12.f4 Ng6 13.Bb2 O-O 14.Nc3 
c6 15.e4 dxe4 16.Qxe4 Re8 17.Qf5 Re6 18.Ne4 Qe7 
19.Ng5 Rf8 20.Nxe6 Re8 21.Nxg7 Qe3+ 22.Kh1 Nh4 
23.Qf6 Nxg2 24.Nxe8 Qxh3+ 25.Kg1 Bc5+ 26.Bd4 Bxd4+ 
27.Qxd4 Qg3 28.Qg7+ Qxg7 29.Nxg7 Ne3 30.Rf3 Nxc2 
31.Rc1 Nd4 32.Rf2 Kxg7 33.Rc4 Ne6 34.f5 Nc7 35.f6+ 
Kf8 36.Rg4 Nd5 37.Rd2 a6 38.Rxd5 cxd5 39.Rg7 h6 
40.Rh7 Kg8 41.Rxh6 b5 42.Rh5 d4 43.Rd5 Kh7 44.Rxd4 
Kg6 45.Rd6 a5 46.Ra6 a4 47.bxa4 bxa4 48.Rxa4 Kxf6 
49.Rb4 Ke5 50.a3 f5 51.a4 1-0

[Event "HCL-A2608"]
[Site "www.playchess.de"]
[Date "2006.02.26"]
[Round "29"]
[White "Wernswig"]
[Black "mrchess"]
[WhiteElo "1345"]
[BlackElo "1438"]
[PlyCount "62"]
[Result "0-1"]

1.e4 {hi, good luck}  c5 {good game}  2.Nf3 Nc6 
3.Bc4 d6 4.d3 Nf6 5.Ng5 Ne5 6.Bb3 e6 7.f4 Nc6 8.f5 
Nd4 9.c3 Nc6 10.fxe6 fxe6 11.Nxe6 Bxe6 12.O-O Bxb3 
13.Qxb3 Qd7 14.Bg5 Be7 15.Nd2 Na5 16.Qc2 O-O 
17.Nb3 Nc6 18.Nd2 Ne5 19.Qb3+ Kh8 20.d4 cxd4 
21.cxd4 Nc6 22.d5 Nd4 23.Qd3 Nb5 24.Rac1 Nc7 
25.Nf3 Rae8 26.Nh4 Qg4 27.Bxf6 Bxf6 28.Rxc7 Qxh4 
29.Rxb7 Qxe4 30.Qg3 Bd4+ 31.Rf2 
Qe1+ 0-1

[Event "HCL-A2523"]
[Site "www.playchess.de"]
[Date "2006.02.26"]
[Round "7"]
[White "schachsky"]
[Black "Wernswig"]
[WhiteElo "1141"]
[BlackElo "1486"]
[PlyCount "93"]
[Result "1-0"]

1.e4 {Wiederum ein schönes Spiel zugewünscht!}  e5 
{dir auch}  2.Nf3 Nf6 3.Nc3 Nc6 4.d4 exd4 5.Nxd4 
Nxd4 6.Qxd4 d6 7.Bd3 Be6 8.O-O Be7 9.e5 dxe5 
10.Qxe5 Bd6 11.Qg5 O-O {happy new year}  12.Nb5 
{thx,you too best wishes for 2006!}  Be7 13.Qg3 c6 
14.Nc3 Bd6 15.Bf4 Nh5 16.Bg5 {sieht nicht gut aus 
....}  f6 {noch ist nichts verloren}  17.Qf3 {Das 
sagst du, aber das ist nicht was Ich denke ... 
-:)}  Bf7 18.Be3 Qc7 19.g3 g5 20.Qe4 Bg6 21.Qe6+ 
Kg7 22.Bxg6 hxg6 23.Ne4 Rae8 24.Qc4 f5 25.Nxg5 Qc8 
26.Qd4+ Be5 27.Qxa7 Nf6 28.Qb6 Bc7 29.Qd4 Be5 
30.Qb6 Nd5 31.Qb3 {Ach wir spielen noch eine 
Partie; hatte Ich gerade nicht mehr vor Augen -:)} 
 Nxe3 {jetzt komme ich wieder ins spiel}  32.fxe3 
{Ich verstehe nicht ganz was du meinst; du warst 
doch noch nicht ganz 'raus, oder du dachtest Dxe3 
? Dann ja,nach Bxb2 hast du ein Riesenvorteil. 
Aber jetzt bin Ich gespannt was du meinst ...}  
Qd7 {genau da smeinte ich. fxe3 habe ich 
übersehen}  33.Rad1 {zum Glück, Ich war doch 
gespannt ... -:)}  Qc7 34.Ne6+ Rxe6 35.Qxe6 Rf7 
36.c3 Bxg3 37.Rd2 Bh4 38.Rfd1 Qb6 39.R2d7 Rxd7 
40.Qe5+ Kh6 41.Rxd7 Qxb2 42.Qh8+ Kg5 43.Qd8+ Kh5 
44.Rh7+ Kg4 45.Qxh4+ Kf3 46.Qf4+ Ke2 
47.Qf2+ 1-0

[Event "HCL-C4132"]
[Site "www.playchess.de"]
[Date "2006.02.26"]
[Round "10"]
[White "simple"]
[Black "aussie"]
[WhiteElo "765"]
[BlackElo "1099"]
[PlyCount "72"]
[Result "0-1"]

1.e4 e5 2.b3 d5 3.d3 b6 4.Nc3 Bb7 5.f4 dxe4 6.dxe4 
Qxd1+ 7.Nxd1 Bxe4 8.Nc3 Bb4 9.Bb2 exf4 10.O-O-O 
Bg6 11.Nd5 Bd6 12.Re1+ Ne7 13.Nxe7 Bxe7 14.Bxg7 
Rg8 15.Be5 c6 16.Bd6 Kd7 17.Bxf4 Ba3+ 18.Kb1 Re8 
19.Rd1+ Ke7 20.Re1+ Kd7 21.Rd1+ Kc8 22.Be2 Kb7 
23.Bd3 Rd8 24.Ne2 Na6 25.Rhe1 Nc5 26.Bxg6 fxg6 
27.Rxd8 Rxd8 28.Be5 Ne4 29.c3 Rd2 30.c4 Nf2 31.Bf4 
Rb2+ 32.Ka1 Nd3 33.Rd1 Nb4 34.Rd7+ Ka6 35.Nd4 c5 
36.Nb5 Nc2+ 0-1

[Event "HCL-M876"]
[Site "www.playchess.de"]
[Date "2006.02.26"]
[Round "1"]
[White "PamperedPawn"]
[Black "Nonni"]
[WhiteElo "2389"]
[BlackElo "2124"]
[PlyCount "69"]
[Result "1-0"]

1.e4 {Welcome Jon!  Looking to a good game.}  c5 
{Pleased to meet you too, look forward to our 
game}  2.Nf3 Nc6 3.Nc3 Nf6 4.d4 cxd4 5.Nxd4 e5 {I 
wihs you a happy new year!}  6.Ndb5 {Happy New 
Year!!}  d6 7.Nd5 Nxd5 8.exd5 Nb8 9.Bd3 a6 10.Nc3 
Be7 11.Qh5 Nd7 12.O-O Nc5 13.f4 Nxd3 14.cxd3 O-O 
15.fxe5 Qb6+ 16.Kh1 dxe5 17.Qxe5 Bf6 18.Rxf6 Qxf6 
19.Qxf6 gxf6 20.Bh6 Re8 21.Ne4 Kh8 22.Rc1 Re7 
23.Nxf6 Bf5 24.Kg1 b5 25.d4 Rd8 26.h3 Bd3 27.g4 b4 
28.h4 Bb5 29.g5 Be8 30.d6 Rxd6 31.Rc8 Rde6 32.Kf2 
b3 33.axb3 R6e2+ 34.Kf3 R7e3+ 35.Kg4 1-0

[Event "HCL-A2568"]
[Site "www.playchess.de"]
[Date "2006.02.26"]
[Round "1"]
[White "golem"]
[Black "Nulnulnix"]
[WhiteElo "1600"]
[BlackElo "1337"]
[PlyCount "26"]
[Result "0-1"]

1.e4 e5 {Hi, welcome to this site. Enjoy this 
game}  2.Nf3 {Thank you for welcoming !}  Nc6 
{You're to far away for a shakehand..}  3.Bc4 {:)} 
 Nf6 4.Ng5 d5 5.exd5 Nxd5 6.d4 Be6 7.Qf3 Nxd4 
8.Qd1 Nf4 9.Bxf4 Bxc4 10.Be3 Qf6 11.Nc3 O-O-O 
12.Qg4+ Kb8 13.Bxd4 exd4 0-1

[Event "HCL-T260"]
[Site "www.playchess.de"]
[Date "2006.02.26"]
[Round "8"]
[White "pruliere"]
[Black "luciano59"]
[WhiteElo "1840"]
[BlackElo "2271"]
[PlyCount "61"]
[Result "1/2-1/2"]

1.e4 d6 2.d4 Nf6 3.Nc3 g6 4.f4 Bg7 5.Nf3 c5 6.Bb5+ 
Bd7 7.e5 Ng4 8.Bxd7+ Qxd7 9.d5 dxe5 10.h3 e4 
11.Nxe4 Nf6 12.Nxf6+ Bxf6 13.O-O O-O 14.Be3 Bxb2 
15.Rb1 Bg7 16.Bxc5 Rd8 17.c4 Qc7 18.Bd4 Qxc4 
19.Bxg7 Kxg7 20.Rxb7 Qxa2 21.Rxe7 Nc6 22.Rc7 Rxd5 
23.Qa1+ Qxa1 24.Rxa1 Nd4 25.Ng5 Ne2+ 26.Kh2 Nxf4 
27.Nxf7 a5 28.Ng5+ Kg8 29.Nxh7 Rd6 30.Ra4 Nd5 
31.Rb7 {(offering draw) the position seems equal 
to me!}  1/2-1/2

[Event "HCL-A2578"]
[Site "www.playchess.de"]
[Date "2006.02.26"]
[Round "3"]
[White "archship"]
[Black "SMA"]
[WhiteElo "1231"]
[BlackElo "1175"]
[PlyCount "28"]
[Result "0-1"]

1.e4 e5 2.Nf3 Nc6 3.d4 Nxd4 4.Nxd4 exd4 5.Qxd4 Ne7 
6.Nc3 Nc6 7.Qd1 Bb4 8.Bd2 O-O 9.Nd5 a5 10.Bxb4 
Nxb4 11.c3 Nxd5 12.exd5 Qe7+ 13.Qe2 Qd8 14.g3 
Re8 0-1

[Event "HCL-B3870"]
[Site "www.playchess.de"]
[Date "2006.02.26"]
[Round "5"]
[White "axagom"]
[Black "Mosselman"]
[WhiteElo "1353"]
[BlackElo "1345"]
[PlyCount "57"]
[Result "1-0"]

1.d4 Nf6 2.Nf3 d5 3.e3 Bg4 4.h3 Bh5 5.g4 Bg6 6.Ne5 
e6 7.Bd3 Bxd3 8.Qxd3 Nbd7 9.Qb5 Rb8 10.Qa4 a6 
11.Nd2 c6 12.f4 Nb6 13.Qa5 Bd6 14.g5 Ne4 15.Nxe4 
dxe4 16.Bd2 Bxe5 17.Qxe5 O-O 18.Qxe4 Nc4 19.Bb4 
Re8 20.b3 Nb6 21.c4 f6 22.gxf6 Qxf6 23.O-O-O Qf5 
24.Qe5 Nd7 25.Qc7 Nf6 26.Rdg1 Nh5 27.Rg5 Qe4 
28.Re1 g6 29.Rxh5 1-0

[Event "HCL-C4071"]
[Site "www.playchess.de"]
[Date "2006.02.26"]
[Round "7"]
[White "Idris"]
[Black "aussie"]
[WhiteElo "878"]
[BlackElo "1079"]
[PlyCount "84"]
[Result "0-1"]

1.e4 {Hello}  e5 {have a good game}  2.d3 c6 3.Nf3 
Bc5 4.Be2 d5 5.Bd2 Nf6 6.Nc3 Nbd7 7.Bg5 Bb4 8.Qd2 
d4 9.Bxf6 Qxf6 10.O-O dxc3 11.bxc3 Bd6 12.c4 O-O 
13.a4 b6 14.Qg5 Qf4 15.h4 Qxg5 16.hxg5 Nc5 17.g3 
Bg4 18.Kg2 Ne6 19.Rfh1 Bxf3+ 20.Bxf3 Nxg5 21.Bg4 
g6 22.a5 Bc5 23.Rh6 Kg7 24.Rhh1 h5 25.Be2 Nh7 
26.Rae1 Nf6 27.Kh3 Bxf2 28.Rec1 g5 29.Kg2 Be3 
30.Rcd1 bxa5 31.Bxh5 Nxh5 32.Rxh5 Rfh8 33.Rxg5+ 
Bxg5 34.g4 Rab8 35.c3 Rb3 36.d4 Rxc3 37.dxe5 Rhh3 
38.Kf1 Rh1+ 39.Ke2 Rxd1 40.Kxd1 Rxc4 41.Ke2 Rxe4+ 
42.Kf3 Rxe5 0-1

[Event "HCL-C4016"]
[Site "www.playchess.de"]
[Date "2006.02.26"]
[Round "7"]
[White "newplayer"]
[Black "Idris"]
[WhiteElo "1085"]
[BlackElo "880"]
[PlyCount "77"]
[Result "1-0"]

1.e4 e5 2.d4 d6 3.dxe5 dxe5 4.Qxd8+ Kxd8 5.f4 f6 
6.fxe5 fxe5 7.Bg5+ Ne7 8.Nf3 Be6 9.Bd3 Nd7 10.Nc3 
h6 11.Bxe7+ Bxe7 12.O-O-O c6 13.a3 Kc7 14.b4 Bg5+ 
15.Nxg5 hxg5 16.b5 Rh6 17.bxc6 bxc6 18.h3 Nc5 
19.Be2 Rb8 20.Bg4 Bxg4 21.hxg4 Rf6 22.Rh7 Rf7 
23.Rdh1 Kb6 24.R7h5 Rf4 25.Rxg5 Rbf8 26.Rxg7 R4f1+ 
27.Rxf1 Rxf1+ 28.Kb2 Re1 29.Re7 Nxe4 30.Rxe5 Nxc3 
31.Rxe1 Na4+ 32.Kc1 Nc5 33.g5 Nd7 34.g6 a5 35.g7 
Nf6 36.g4 Ng8 37.g5 c5 38.g6 Kc7 
39.Re8 1-0

[Event "HCL-B3862"]
[Site "www.playchess.de"]
[Date "2006.02.26"]
[Round "7"]
[White "Gilt"]
[Black "ama49"]
[WhiteElo "1335"]
[BlackElo "1162"]
[PlyCount "59"]
[Result "1-0"]

1.e4 {Hi!}  e5 {Hello again}  2.f4 Nc6 3.Nf3 d6 
4.Bc4 Nf6 5.Ng5 d5 6.exd5 Na5 7.d3 Nxc4 8.dxc4 e4 
9.Be3 Bg4 10.Qd4 Bd6 11.a3 O-O 12.h3 Bf5 13.g4 Bd7 
14.c5 Be7 15.Nc3 b6 16.c6 Bc8 17.O-O-O h6 18.Ngxe4 
Nxe4 19.Nxe4 Bc5 20.Nxc5 bxc5 21.Qxc5 Re8 22.f5 f6 
23.Rhe1 a6 24.d6 cxd6 25.Rxd6 Qc7 26.Bf2 Rxe1+ 
27.Bxe1 Bb7 28.Ba5 Qc8 29.Qd5+ Kh7 
30.cxb7 1-0

[Event "HCL-B3872"]
[Site "www.playchess.de"]
[Date "2006.02.26"]
[Round "1"]
[White "ama49"]
[Black "adelar"]
[WhiteElo "1138"]
[BlackElo "1342"]
[PlyCount "57"]
[Result "1-0"]

1.e4 {Greetings from Scotland}  e5 2.Nf3 Nc6 3.d4 
exd4 4.Nxd4 Nxd4 5.Qxd4 d6 6.Nc3 Nf6 7.Bg5 Be7 
8.O-O-O O-O 9.h3 h6 10.Bh4 Be6 11.g4 Nh7 12.Bxe7 
Qxe7 13.f4 Rfd8 14.f5 c5 15.Qd3 Bc8 16.Nd5 Qg5+ 
17.Kb1 Nf6 18.Nxf6+ Qxf6 19.Bg2 a6 20.Qc4 b5 
21.Qd5 Ra7 22.e5 Qg5 23.e6 fxe6 24.fxe6 Qe7 25.Qf5 
Bxe6 26.Qf2 Rf8 27.Qd2 Rd8 28.Rhe1 Qf7 
29.Rxe6 1-0

[Event "HCL-C4006"]
[Site "www.playchess.de"]
[Date "2006.02.26"]
[Round "10"]
[White "Dereck"]
[Black "Jerry2005"]
[WhiteElo "1371"]
[BlackElo "1429"]
[PlyCount "104"]
[Result "0-1"]

1.d4 d5 2.c4 e6 3.Bf4 Nf6 4.e3 Bb4+ 5.Nd2 Ne4 
6.Ngf3 g5 7.Bg3 g4 8.Qa4+ Nc6 9.O-O-O gxf3 10.Nxf3 
Bd7 11.Ne5 Bd2+ 12.Rxd2 Nxe5 13.Qb4 Nxd2 14.Bxe5 
Rg8 15.Kxd2 f6 16.Bg3 b6 17.Bd3 a5 18.Qb3 Rg7 
19.cxd5 a4 20.Qc4 exd5 21.Qxd5 Ra5 22.Qe4+ Qe7 
23.Qf4 Bb5 24.Rc1 Bxd3 25.Kxd3 Kd8 26.Rc6 Rf7 
27.a3 Rb5 28.Bh4 Rxb2 29.Bxf6 Rxf6 30.Rxf6 Qxa3+ 
31.Ke4 Qe7+ 32.Kf3 Kc8 33.Qf5+ Kb7 34.Rf8 a3 
35.Rf7 Qd6 36.Rf8 a2 37.Qc8+ Kc6 38.Qa8+ Kb5 
39.Rf5+ Kb4 40.Qa6 Qc6+ 41.d5 Qc5 42.Rf4+ Kc3 
43.Ra4 Qxd5+ 44.e4 Qd3+ {you make it very 
difficult for me, I don't know which move I make, 
this is hopefully the best one for me}  45.Qxd3+ 
{We shall see. good luck}  Kxd3 {thnx}  46.e5 Rb5 
47.Kf4 Ra5 48.Rxa2 {bad move for me .... good move 
for you.  nice job}  Rxa2 {thnx, if you had done: 
47. e5-e6, you had won}  49.e6 {YES .... CE LA VIE 
;)}  Rxf2+ 50.Ke5 Rxg2 51.Kd5 Rxh2 52.Kc6 
Re2 0-1

[Event "HCL-A2611"]
[Site "www.playchess.de"]
[Date "2006.02.26"]
[Round "19"]
[White "Matu"]
[Black "MimiSiku"]
[WhiteElo "1531"]
[BlackElo "1425"]
[PlyCount "66"]
[Result "0-1"]

1.Nf3 d5 {Servus! Auf ein Neues.}  2.b3 {hallo und 
viel glück}  f6 3.Bb2 e5 4.d4 e4 5.Nfd2 Nc6 6.e3 
Bb4 7.a3 Bd6 8.c4 Be6 9.b4 Nh6 10.b5 Na5 11.c5 Be7 
12.Bc3 c6 13.Qa4 b6 14.Bxa5 bxa5 15.bxc6 O-O 
16.Nc3 Qc7 17.Ba6 Nf7 18.Nb3 Bd8 19.Bb7 Rb8 20.Nb5 
Qe7 21.Nxa7 f5 22.Nxa5 Ng5 23.Nb5 f4 24.O-O Nh3+ 
{Alles oder nichts!}  25.Kh1 fxe3 26.gxh3 Bxh3 
27.Rfg1 exf2 28.c7 Bxc7 29.Bxd5+ Kh8 30.Rgf1 Bg2+ 
{Ich denke mal, das war's... Du hast meines 
Erachtens in den letzten Zügen viel zu passiv 
agiert: Ich war platt!}  31.Kxg2 Qh4 32.Nxc7 Qg4+ 
33.Kh1 {Gratuliere!}  Qf3+ {Danke, war zum Schluß 
ein echt geiles Spiel (zumindest für 
mich)!
Man sieht sich - viel Erfolg noch!} 
 0-1

[Event "HCL-C4149"]
[Site "www.playchess.de"]
[Date "2006.02.26"]
[Round "1"]
[White "patzer55"]
[Black "papolo"]
[WhiteElo "800"]
[BlackElo "854"]
[PlyCount "43"]
[Result "1-0"]

1.e4 Nf6 2.e5 Nd5 3.d4 e6 4.c4 Nb4 5.a3 N4c6 6.Nf3 
Qe7 7.Bg5 f6 8.exf6 gxf6 9.Bh4 Qf7 10.d5 exd5 
11.cxd5 Nd8 12.Nc3 b6 13.Bc4 Rg8 14.Ba2 Ba6 15.d6 
cxd6 16.Bxf7+ Kxf7 17.Qd5+ Kg7 18.Ne4 Bb7 19.Bxf6+ 
Kh6 20.Qxg8 Ne6 21.Bg5+ Nxg5 22.Qxg5+ {thank you} 
 1-0

[Event "HCL-A2596"]
[Site "www.playchess.de"]
[Date "2006.02.26"]
[Round "4"]
[White "dynamike"]
[Black "Josef1901"]
[WhiteElo "1442"]
[BlackElo "1584"]
[PlyCount "90"]
[Result "1-0"]

1.e4 c5 2.Nf3 d6 3.d4 cxd4 4.Nxd4 Nf6 5.Nc3 a6 
6.Be2 e6 7.Be3 Qc7 8.Nf3 Be7 9.O-O O-O 10.Na4 Nbd7 
11.c4 Nc5 12.Nxc5 dxc5 13.Qc2 Bd7 14.Bd3 h6 15.h3 
Bc6 16.Nd2 Rad8 17.f4 b5 18.e5 Nd7 19.Be4 Nb6 
20.Bxc6 Qxc6 21.cxb5 axb5 22.Ne4 Nc4 23.Bf2 Rd7 
24.a4 Rfd8 25.b3 Nd2 26.axb5 Qxb5 27.Nxd2 R7xd2 
28.Qc4 Qxc4 29.bxc4 Rc2 30.Rfc1 Rdd2 31.Rxc2 Rxc2 
32.Ra4 g5 33.g3 gxf4 34.gxf4 Kg7 35.h4 Kg6 36.Ra7 
Bf8 37.Ra4 h5 38.Kg2 Kf5 39.Kf3 Rc3+ 40.Be3 Bh6 
41.Ra7 f6 42.Rf7 Kg6 43.Rxf6+ Kg7 44.Rxe6 Rxc4 
45.Rc6 Kf7 1-0

[Event "HCL-B3858"]
[Site "www.playchess.de"]
[Date "2006.02.26"]
[Round "15"]
[White "seisan"]
[Black "Viking"]
[WhiteElo "1392"]
[BlackElo "1087"]
[PlyCount "63"]
[Result "1-0"]

1.d4 {hi}  Nf6 2.c4 e6 3.Nf3 Bb4+ 4.Bd2 a5 5.Nc3 
c5 6.e3 cxd4 7.exd4 d5 8.Ne5 Nbd7 9.cxd5 exd5 
10.Bb5 O-O 11.O-O Nxe5 12.dxe5 Bxc3 13.Bxc3 Ne4 
14.Qb3 Be6 15.Qa4 b6 16.f4 Bf5 17.Bd4 Rc8 18.Rac1 
f6 19.exf6 Nxf6 20.Qd1 Qe7 21.a4 Rxc1 22.Qxc1 Ne4 
23.Bxb6 Nd6 24.Bc5 Qc7 25.b3 Re8 26.Qa3 Nb7 
27.Bxe8 Nxc5 28.Rc1 Qe7 29.Bb5 Qe3+ 30.Kh1 Bd3 
31.Qxc5 Be4 32.Qxe3 1-0

[Event "HCL-A2564"]
[Site "www.playchess.de"]
[Date "2006.02.26"]
[Round "4"]
[White "cabe"]
[Black "SMA"]
[WhiteElo "1438"]
[BlackElo "1175"]
[PlyCount "28"]
[Result "0-1"]

1.e4 e5 2.Nf3 Nc6 3.Bb5 Nf6 4.Nc3 Bb4 5.d3 Nd4 
6.Bc4 d5 7.exd5 O-O 8.h3 b5 9.Bb3 a5 10.Nxe5 Re8 
11.f4 a4 12.Bc4 bxc4 13.dxc4 Ne4 14.Bd2 
Qh4+ 0-1

[Event "HCL-E1530"]
[Site "www.playchess.de"]
[Date "2006.02.26"]
[Round "2"]
[White "Alex87"]
[Black "Josef"]
[WhiteElo "2100"]
[BlackElo "1608"]
[PlyCount "55"]
[Result "1-0"]

1.e4 {hi! Good luck!}  c5 {good luck}  2.c3 d5 
3.exd5 Qxd5 4.d4 cxd4 5.cxd4 Nf6 6.Nc3 Qd8 7.Nf3 
e6 8.Bd3 Bd6 9.O-O O-O 10.Re1 Nc6 11.Bg5 h6 12.Bh4 
Qb6 13.Bxf6 gxf6 14.Ne4 Be7 15.Qd2 Kg7 16.Ng3 Qa5 
17.Qf4 Rh8 18.a3 Bd7 19.b4 Qd8 20.Nh5+ Kf8 21.b5 
Na5 22.Nd2 f5 23.d5 Bg5 24.Qd4 Rg8 25.Qb4+ Be7 
26.d6 Bh4 27.Nf3 b6 28.Qxh4 1-0

[Event "HCL-C4093"]
[Site "www.playchess.de"]
[Date "2006.02.26"]
[Round "7"]
[White "cenda"]
[Black "surak"]
[WhiteElo "800"]
[BlackElo "1133"]
[PlyCount "44"]
[Result "0-1"]

1.d4 e6 2.Nf3 d5 3.e3 c5 4.c3 Nf6 5.h3 Be7 6.Bb5+ 
Bd7 7.Bxd7+ Nbxd7 8.Na3 cxd4 9.Nxd4 O-O 10.O-O 
Bxa3 11.bxa3 Ne4 12.f3 Nxc3 13.Qc2 Rc8 14.Bb2 Nxa2 
15.Rxa2 Rxc2 16.Nxc2 Nc5 17.Rd1 Na4 18.Bd4 b6 
19.Nb4 Nc5 20.Nc6 Qc7 21.Be5 Qxc6 22.Rc2 
Qb5 0-1

[Event "HCL-B3831"]
[Site "www.playchess.de"]
[Date "2006.02.26"]
[Round "9"]
[White "DTW"]
[Black "schachsky"]
[WhiteElo "1287"]
[BlackElo "1192"]
[PlyCount "102"]
[Result "0-1"]

1.e4 e5 {have a nice game!}  2.Nf3 d6 3.Nc3 {you 
too.}  c6 4.d4 Bg4 5.dxe5 Bxf3 6.gxf3 Be7 7.exd6 
Bxd6 8.Be3 Ne7 9.Qd2 O-O 10.O-O-O Bc7 11.Qxd8 Rxd8 
12.Bg5 Rxd1+ 13.Nxd1 Ng6 14.Bc4 Nd7 15.Ne3 h6 
16.Bxh6 gxh6 17.h4 Bf4 18.Rg1 b5 19.h5 Nde5 
20.Bxf7+ Kxf7 21.hxg6+ Nxg6 22.Kb1 Rd8 23.c3 Rd2 
24.Ng4 Ne5 25.Nxe5+ Bxe5 26.Rg2 Bf4 27.a3 a5 
28.Ka2 Be3 29.Rh2 Rxf2 30.Rh3 a4 31.e5 Ke6 32.Rh5 
Rxf3 33.Kb1 Bf4 34.Kc2 Bg5 35.Rh1 Kxe5 36.Re1+ Re3 
37.Rd1 Re2+ 38.Kb1 h5 39.Rg1 Kf4 40.Rf1+ Kg3 
41.Rg1+ Rg2 42.Rd1 Bf4 43.Rd3+ Kf2 44.Rh3 Rh2 
45.Rd3 Rg2 46.Rh3 Rg5 47.Rh4 Bg3 48.Rd4 h4 49.Rd2+ 
Ke1 50.Rg2 h3 51.Rg1+ Kf2 0-1

[Event "HCL-A2530"]
[Site "www.playchess.de"]
[Date "2006.02.26"]
[Round "8"]
[White "Alves"]
[Black "Khalif"]
[WhiteElo "1539"]
[BlackElo "1345"]
[PlyCount "39"]
[Result "1-0"]

1.e4 c5 2.Nf3 Nf6 3.Nc3 d6 4.Bc4 e6 5.a3 a6 6.d3 
b5 7.Ba2 Nbd7 8.Bg5 Be7 9.Qe2 O-O 10.O-O h6 11.Bh4 
Bb7 12.h3 b4 13.axb4 cxb4 14.Na4 Qc7 15.c4 bxc3 
16.Nxc3 Rfe8 17.Rfe1 Nf8 18.Rac1 Qa5 19.Bg3 Rac8 
20.Bb3 1-0